00242nam a2200109Ia 4500008004100000041001200041082001100053100001300064245004300077260000600120650000600126221030s9999 xx 000 0 und d aEnglish a105.23 aR. Sahoo 0aComputer Science With C++cby R. Sahoo c0 aB